| 000 | 00619nam a2200193 4500 | ||
|---|---|---|---|
| 005 | 20240814122750.0 | ||
| 008 | 240814b |||||||| |||| 00| 0 eng d | ||
| 020 |
_a9789352664054 _cरु 400.00 |
||
| 040 | _aMAIN | ||
| 082 |
_a891.437731 _bSG23M |
||
| 100 | _4शरण, गिरिराज | ||
| 245 | _aमानव चरित्र के व्यंग्य | ||
| 260 |
_aदिल्ली _bप्रभात प्रकाशन _c2017 |
||
| 300 | _a142 | ||
| 650 | _aहिन्दी साहित्य | ||
| 650 | _aहिन्दी-व्यंग्य | ||
| 942 | _cHN | ||
| 999 |
_c356545 _d356545 |
||